Loading...

REPORT, India Estimates Committee This library has 4-5, 9, 14, 16. 25, 31, 33-41, 43, 94, 96-100, 102-134, 139-172 /

Bibliografiske detaljer
Sprog:Undetermined
LEADER 02184nam a2200277Ia 4500
001 92000
008 170722s9999 xx 000 0 und d
245 |a REPORT, India Estimates Committee This library has 4-5, 9, 14, 16. 25, 31, 33-41, 43, 94, 96-100, 102-134, 139-172 / 
942 |c GEN 
999 |c 49828  |d 49828 
952 |0 0  |1 0  |4 0  |6 V_232RN_CR  |7 0  |9 70826  |a LIB  |b LIB  |d 2017-08-12  |o V2,3,2rn (CR)  |p 65168  |r 2017-08-12  |w 2017-08-12  |y GEN 
952 |0 0  |1 0  |4 0  |6 V_232RN_CR  |7 0  |9 70827  |a LIB  |b LIB  |d 2017-08-12  |o V2,3,2rn (CR)  |p 65212  |r 2017-08-12  |w 2017-08-12  |y GEN 
952 |0 0  |1 0  |4 0  |6 V_232RN_CR  |7 0  |9 70828  |a LIB  |b LIB  |d 2017-08-12  |o V2,3,2rn (CR)  |p 65213  |r 2017-08-12  |w 2017-08-12  |y GEN 
952 |0 0  |1 0  |4 0  |6 V_232RN_CR  |7 0  |9 70829  |a LIB  |b LIB  |d 2017-08-12  |o V2,3,2rn (CR)  |p 65214  |r 2017-08-12  |w 2017-08-12  |y GEN 
952 |0 0  |1 0  |4 0  |6 V_232RN_CR  |7 0  |9 70830  |a LIB  |b LIB  |d 2017-08-12  |o V2,3,2rn (CR)  |p 65215  |r 2017-08-12  |w 2017-08-12  |y GEN 
952 |0 0  |1 0  |4 0  |6 V_232RN_CR  |7 0  |9 70831  |a LIB  |b LIB  |d 2017-08-12  |o V2,3,2rn (CR)  |p 65216  |r 2017-08-12  |w 2017-08-12  |y GEN 
952 |0 0  |1 0  |4 0  |6 V_232RN_CR  |7 0  |9 70832  |a LIB  |b LIB  |d 2017-08-12  |o V2,3,2rn (CR)  |p 65217  |r 2017-08-12  |w 2017-08-12  |y GEN 
952 |0 0  |1 0  |4 0  |6 V_232RN_CR  |7 0  |9 70833  |a LIB  |b LIB  |d 2017-08-12  |o V2,3,2rn (CR)  |p 65218  |r 2017-08-12  |w 2017-08-12  |y GEN 
952 |0 0  |1 0  |4 0  |6 V_232RN_CR  |7 0  |9 70834  |a LIB  |b LIB  |d 2017-08-12  |o V2,3,2rn (CR)  |p 65219  |r 2017-08-12  |w 2017-08-12  |y GEN 
952 |0 0  |1 0  |4 0  |6 V_232RN_CR  |7 0  |9 70835  |a LIB  |b LIB  |d 2017-08-12  |o V2,3,2rn (CR)  |p 65220  |r 2017-08-12  |w 2017-08-12  |y GEN 
952 |0 0  |1 0  |4 0  |6 V_232RN_CR  |7 0  |9 70836  |a LIB  |b LIB  |d 2017-08-12  |o V2,3,2rn (CR)  |p 65221  |r 2017-08-12  |w 2017-08-12  |y GEN 
952 |0 0  |1 0  |4 0  |6 V_232RN_CR  |7 0  |9 70837  |a LIB  |b LIB  |d 2017-08-12  |o V2,3,2rn (CR)  |p 65222  |r 2017-08-12  |w 2017-08-12  |y GEN 
952 |0 0  |1 0  |4 0  |6 V_232RN_CR  |7 0  |9 70838  |a LIB  |b LIB  |d 2017-08-12  |o V2,3,2rn (CR)  |p 65223  |r 2017-08-12  |w 2017-08-12  |y GEN 
952 |0 0  |1 0  |4 0  |6 V_232RN_CR  |7 0  |9 70839  |a LIB  |b LIB  |d 2017-08-12  |o V2,3,2rn (CR)  |p 65224  |r 2017-08-12  |w 2017-08-12  |y GEN 
952 |0 0  |1 0  |4 0  |6 V_232RN_CR  |7 0  |9 70840  |a LIB  |b LIB  |d 2017-08-12  |o V2,3,2rn (CR)  |p 65225  |r 2017-08-12  |w 2017-08-12  |y GEN 
952 |0 0  |1 0  |4 0  |6 V_232RN_CR  |7 0  |9 70841  |a LIB  |b LIB  |d 2017-08-12  |o V2,3,2rn (CR)  |p 113386  |r 2017-08-12  |w 2017-08-12  |y GEN